| 000 | 00420nam a2200145Ia 4500 | ||
|---|---|---|---|
| 008 | 211109s9999||||xx |||||||||||||| ||und|| | ||
| 082 |
_a954.095483 _bGUN.H |
||
| 100 | _aGundert, Hermann | ||
| 245 | 0 | _aKerala Pazhama, Keralolpathy, Ayirathirunooru Pazhanchol | |
| 260 |
_bSahithyapravarthaka _aKottayam _c2014 |
||
| 300 | _a205p. | ||
| 630 | _xGeneral stack | ||
| 650 |
_aIndia/Kerala _vHistoryMalayalam |
||
| 942 | _cBOOK | ||
| 999 |
_c54443 _d54443 |
||